| 000 | 00555nam a2200265Ia 4500 | ||
|---|---|---|---|
| 003 | IT-RoPAU | ||
| 008 | 120407s9999 xx 000 0 und d | ||
| 040 | _aIT-RoPAU | ||
| 040 | _cIT-RoPAU | ||
| 041 | _aita | ||
| 100 | _aAlfred Baldwin | ||
| 245 | _aTeorie dello sviluppo infantile | ||
| 245 | _cAAVV | ||
| 250 | _aMilano | ||
| 260 | _aFranco Angeli | ||
| 260 | _c1987 | ||
| 300 | _a567 p. | ||
| 300 | _c18 cm | ||
| 490 | _aColl. psicologia I,2 | ||
| 490 | _v1 | ||
| 700 | _aHeider | ||
| 700 | _aLewin | ||
| 942 | _cBK | ||
| 999 |
_c35769 _d35769 |
||